जनमाध्यम / (Record no. 298126)
[ view plain ]
| 000 -LEADER | |
|---|---|
| fixed length control field | 00970nam a2200277Ia 4500 |
| 003 - CONTROL NUMBER IDENTIFIER | |
| control field | OSt |
| 005 - DATE AND TIME OF LATEST TRANSACTION | |
| control field | 20251010160134.0 |
| 008 - FIXED-LENGTH DATA ELEMENTS--GENERAL INFORMATION | |
| fixed length control field | 220922b |||||||| |||| 00| 0 hin d |
| 020 ## - INTERNATIONAL STANDARD BOOK NUMBER | |
| International Standard Book Number | 9788179171332 (hbk) |
| 037 ## - SOURCE OF ACQUISITION | |
| Terms of availability | Textual |
| 040 ## - CATALOGING SOURCE | |
| Original cataloging agency | ARTS |
| Transcribing agency | ARTS |
| Language of cataloging | hin |
| 041 ## - LANGUAGE CODE | |
| Source of code | hin |
| Language code of text/sound track or separate title | hin |
| 100 ## - MAIN ENTRY--PERSONAL NAME | |
| Personal name | गोल्डिंग, पीटर |
| 9 (RLIN) | 160160 |
| 245 #0 - TITLE STATEMENT | |
| Title | जनमाध्यम / |
| 246 ## - VARYING FORM OF TITLE | |
| Title proper/short title | Janamādhyama |
| 260 ## - PUBLICATION, DISTRIBUTION, ETC. | |
| Place of publication, distribution, etc. | नयी दिल्ली: |
| Name of publisher, distributor, etc. | ग्रंथ शिल्पी, |
| Date of publication, distribution, etc. | 2010. |
| 300 ## - PHYSICAL DESCRIPTION | |
| Extent | 155 पृ. |
| 650 ## - SUBJECT ADDED ENTRY--TOPICAL TERM | |
| Topical term or geographic name entry element | हिन्दी पत्रकारिता |
| 9 (RLIN) | 848080 |
| 700 ## - ADDED ENTRY--PERSONAL NAME | |
| Personal name | सिंह, सुधा |
| Relator term | अनु. |
| 9 (RLIN) | 848081 |
| 942 ## - ADDED ENTRY ELEMENTS (KOHA) | |
| Classification part | 40aY, 152Q0 |
| Koha item type | Textual |
| Source of classification or shelving scheme | Colon Classification (CC) |
| Suppress in OPAC | No |
| Withdrawn status | Lost status | Damaged status | Not for loan | Home library | Current library | Date acquired | Source of acquisition | Cost, normal purchase price | Total Checkouts | Full call number | Barcode | Date last seen | Date last checked out | Cost, replacement price | Price effective from | Koha item type | Date due |
|---|---|---|---|---|---|---|---|---|---|---|---|---|---|---|---|---|---|
| Arts Library | Arts Library | 2022-09-23 | 372, 11/02/2011, Swaraj Prakashan | 325.00 | 1 | 40aY 152Q0 | AL1296474 | 2025-01-22 | 2024-12-10 | 325.00 | 2022-09-23 | Textual | |||||
| Arts Library | Arts Library | 2022-09-23 | 372, 11/02/2011, Swaraj Prakashan | 325.00 | 1 | 40aY 152Q0 | AL1296443 | 2025-11-24 | 2025-03-11 | 325.00 | 2022-09-23 | Textual | |||||
| Arts Library | Arts Library | 2022-09-23 | 372, 11/02/2011, Swaraj Prakashan | 325.00 | 1 | 40aY 152Q0 | CL1452053 | 2026-03-18 | 2026-03-18 | 325.00 | 2022-09-23 | Textual | 2026-04-17 | ||||
| Arts Library | Arts Library | 2022-09-23 | 372, 11/02/2011, Swaraj Prakashan | 325.00 | 2 | 40aY 152Q0 | AL1343169 | 2026-03-17 | 2025-11-25 | 325.00 | 2022-09-23 | Textual | |||||
| Central Library | Central Library | 2022-10-05 | 373, 04/03/2010, Swaraj Prakashan | 325.00 | 40aY 152Q0 | CL1452043 | 2022-10-05 | 325.00 | 2022-10-05 | Textual |
